1802 1226 1919 1039 1466 1997 1380 1424 1007 1412 1522 1706 1883 1698 1226 1423 1616 1210 1548 1405 1022 1232 1763 1435 1090 1989 1220 1780 1881 1341 1667 1134 1412 1817 1594 1974 1624 1018 1864 1156 1299 1565 1840 1624 1823 1828 1729 1772 1306 1100 1810 1517 1281 1821 1988 1098 1122 1808 1008 1684 1396 1320 1472 1265 1680 1679 1440 1923 1730 1867 1721 1004 1629 1806 1243 1468 2000 1764 1880 1250 1395 1048 1125 1557 1715 1572 1388 1278 1388 1654 1573 1270 1910 1045 1063 1348 1225 1293 1368 BCNSPRNW ULIB Ver.6.0+V

เปลี่ยนเป็นภาษาไทย

Change to English
 แสดงรายละเอียดบรรณานุกรม
  กลับหน้าหลัก

Brief Record : Get Marc (ISO 2709) : E-mail record : QR code < ปิดหน้าต่าง
LEADER : 00000nam 2200000uu 4500
001    13399125046
003     ULIB
008    160607s2557||||th 000 0 tha d
020    ^a9786162233593
060 04 ^aWV100^bธ632ต
245 00 ^aตำรา หู คอ จมูก :^bสำหรับนักศึกษาแพทย์และแพทย์เวชปฏิบัติทั่วไป /^cบรรณาธิการ, ธีรพร รัตนาเอนกชัย, สุภาภรณ์ ศรีร่มโพธิ์ทอง
250    ^aพิมพ์ครั้งที่ 4 (แก้ไขปรับปรุง)
260    ^aขอนแก่น :^bภาควิชาโสต ศอ นาสิก และลาริงซ์วิทยาคณะแพทยศาสตร์ มหาวิทยาลัยขอนแก่น,^c2557
300    ^aก-ฑ, 438 หน้า :^bภาพประกอบ ;^c21 ซม.
650  7 ^aหูคอจมูก, โรค
650  7 ^aหูคอจมูกและกล่องเสียง, โรค
650  7 ^aโสตนาสิกซ์ลาริย์งวิทยา
700 0  ^aธีรพร รัตนาเอนกชัย,^eบรรณาธิการ
700 0  ^aสุภาภรณ์ ศรีร่มโพธิ์ทอง,^eบรรณาธิการ
710 2  ^aมหาวิทยาลัยขอนแก่น. ^bคณะแพทยศาสตร์. ^bภาควิชาโสต ศอ นาสิกและลาริงซ์วิทยา
945    ^p400^l0^i001135
945    ^p400^l0^i001136
945    ^p400^l0^i001137
945    ^p400^l0^i001138
945    ^p400^l0^i001139
945    ^p400^l0^i001140
945    ^p400^l0^i001141
999    ^aเกษร โพธิ์สุวรรณ
รายการนี้ยังไม่มีแท็ก
คุณยังไม่ได้ล็อกอิน คุณสามารถมีกิจกรรมร่วมกับเว็บไซต์ได้ แต่ต้องล็อกอินก่อน ::
  ล็อกอิน

รายการสื่อสารสนเทศ

ลำดับที่ ประเภท เลขเรียก/บาร์โค้ด สถานที่ สถานะ
1. วิทยาศาสตร์การแพทย์ และสุขภาพ
วิทยาศาสตร์การแพทย์ และสุขภาพ
สถานะ=หนังสือเก่า
WV100 ธ632ต ฉ.1 
  Barcode: 001135
ห้องสมุดวิทยาเขตสวรรค์ประชารักษ์
►ส่วนจัดเก็บหนังสือเก่า สปร
บนชั้น
  ขอยืม
2. วิทยาศาสตร์การแพทย์ และสุขภาพ
วิทยาศาสตร์การแพทย์ และสุขภาพ
สถานะ=หนังสือเก่า
WV100 ธ632ต ฉ.2 
  Barcode: 001136
ห้องสมุดวิทยาเขตสวรรค์ประชารักษ์
►ส่วนจัดเก็บหนังสือเก่า สปร
บนชั้น
  ขอยืม
3. วิทยาศาสตร์การแพทย์ และสุขภาพ
วิทยาศาสตร์การแพทย์ และสุขภาพ
สถานะ=หนังสือเก่า
WV100 ธ632ต ฉ.3 
  Barcode: 001137
ห้องสมุดวิทยาเขตสวรรค์ประชารักษ์
►ส่วนจัดเก็บหนังสือเก่า สปร
บนชั้น
  ขอยืม
4. วิทยาศาสตร์การแพทย์ และสุขภาพ
วิทยาศาสตร์การแพทย์ และสุขภาพ
WV100 ธ632ต ฉ.4 
  Barcode: 001138
ห้องสมุดวิทยาเขตสวรรค์ประชารักษ์
►หนังสือทั่วไป
บนชั้น
5. วิทยาศาสตร์การแพทย์ และสุขภาพ
วิทยาศาสตร์การแพทย์ และสุขภาพ
สถานะ=หนังสือเก่า
WV100 ธ632ต ฉ.5 
  Barcode: 001139
ห้องสมุดวิทยาเขตสวรรค์ประชารักษ์
►ส่วนจัดเก็บหนังสือเก่า สปร
บนชั้น
  ขอยืม
6. วิทยาศาสตร์การแพทย์ และสุขภาพ
วิทยาศาสตร์การแพทย์ และสุขภาพ
สถานะ=หนังสือเก่า
WV100 ธ632ต ฉ.6 
  Barcode: 001140
ห้องสมุดวิทยาเขตสวรรค์ประชารักษ์
►ส่วนจัดเก็บหนังสือเก่า สปร
บนชั้น
  ขอยืม
7. วิทยาศาสตร์การแพทย์ และสุขภาพ
วิทยาศาสตร์การแพทย์ และสุขภาพ
สถานะ=หนังสือเก่า
WV100 ธ632ต ฉ.7 
  Barcode: 001141
ห้องสมุดวิทยาเขตสวรรค์ประชารักษ์
►ส่วนจัดเก็บหนังสือเก่า สปร
บนชั้น
  ขอยืม

รายการใกล้เคียง
    หัวเรื่อง [หูคอจมูก, โรค]
    หัวเรื่อง [หูคอจมูกและกล่องเสียง, โรค]
    หัวเรื่อง [โสตนาสิกซ์ลาริย์งวิทยา]

BibComment


ยังไม่เคยถูกคอมเมนท์

คอมเมนท์ทรัพยากรรายการนี้
  คอมเมนท์: ตำรา หู คอ จมูก ..


 Copyright 2026. Bcnsprnw @Library